<?xml version="1.0" encoding="UTF-8"?>
<collection xmlns:xsi="http://www.w3.org/2001/XMLSchema-instance" xsi:schemaLocation="http://www.loc.gov/MARC21/slim http://www.loc.gov/standards/marcxml/schema/MARC21slim.xsd" xmlns="http://www.loc.gov/MARC21/slim">
 <record>
  <leader>00000nam a2200000 i 4500</leader>
  <controlfield tag="001">UP-8027390931311678768</controlfield>
  <controlfield tag="003">Buklod</controlfield>
  <controlfield tag="005">20250305145312.0</controlfield>
  <controlfield tag="006">m    |o  d |      </controlfield>
  <controlfield tag="007">ta</controlfield>
  <controlfield tag="008">250305s2020    enk        u        eng d</controlfield>
  <datafield tag="020" ind1=" " ind2=" ">
   <subfield code="a">1789909880 (eBook)</subfield>
  </datafield>
  <datafield tag="020" ind1=" " ind2=" ">
   <subfield code="a">9781789909883 (eBook)</subfield>
  </datafield>
  <datafield tag="020" ind1=" " ind2=" ">
   <subfield code="a">9781789909890 (eBook)</subfield>
  </datafield>
  <datafield tag="035" ind1=" " ind2=" ">
   <subfield code="a">21686621</subfield>
  </datafield>
  <datafield tag="040" ind1=" " ind2=" ">
   <subfield code="a">DLC</subfield>
   <subfield code="d">DLAW</subfield>
   <subfield code="e">rda</subfield>
  </datafield>
  <datafield tag="041" ind1="0" ind2=" ">
   <subfield code="a">eng</subfield>
  </datafield>
  <datafield tag="082" ind1="0" ind2="4">
   <subfield code="a">323</subfield>
   <subfield code="2">23</subfield>
  </datafield>
  <datafield tag="084" ind1=" " ind2=" ">
   <subfield code="a">JC 571 </subfield>
   <subfield code="b">H769546 2020eb</subfield>
  </datafield>
  <datafield tag="245" ind1="0" ind2="0">
   <subfield code="a">Human rights in times of transition</subfield>
   <subfield code="b">liberal democracies and challenges of national security</subfield>
   <subfield code="c">edited by Kasey McCall-Smith, Andrea Birdsall, Elisenda Casanas Adam.</subfield>
   <subfield code="h">Electronic resources.</subfield>
  </datafield>
  <datafield tag="264" ind1=" " ind2="1">
   <subfield code="a">Cheltenham, UK</subfield>
   <subfield code="a">Northampton, Massachusetts, USA</subfield>
   <subfield code="b">Edward Elgar Publishing</subfield>
   <subfield code="c">[2020]</subfield>
  </datafield>
  <datafield tag="300" ind1=" " ind2=" ">
   <subfield code="a">1 online resource (x, 267 pages)</subfield>
   <subfield code="c">24 cm</subfield>
  </datafield>
  <datafield tag="336" ind1=" " ind2=" ">
   <subfield code="a">text</subfield>
   <subfield code="b">txt</subfield>
   <subfield code="2">rdacontent</subfield>
  </datafield>
  <datafield tag="337" ind1=" " ind2=" ">
   <subfield code="a">computer</subfield>
   <subfield code="2">rdamedia</subfield>
  </datafield>
  <datafield tag="338" ind1=" " ind2=" ">
   <subfield code="a">online resource</subfield>
   <subfield code="b">nc</subfield>
   <subfield code="2">rdacarrier</subfield>
  </datafield>
  <datafield tag="504" ind1=" " ind2=" ">
   <subfield code="a">Includes bibliographical references and index.</subfield>
  </datafield>
  <datafield tag="505" ind1="0" ind2=" ">
   <subfield code="t">Human rights, liberal democracies and the challenges of national security</subfield>
   <subfield code="r">Kasey McCall-Smith, Andrea Birdsall and Elisenda Casanas Adam --</subfield>
   <subfield code="t">Key challenges to human rights in democracies at a time of transition : where to now?</subfield>
   <subfield code="r">Francesca Klug --</subfield>
   <subfield code="t">The forgotten principle of fraternité : re-interpreting the last three articles of the Universal Declaration of Human Rights</subfield>
   <subfield code="r">Yota Negishi --</subfield>
   <subfield code="t">Human rights protection and state capacity : the doctrinal implications of the statist character of international human rights law</subfield>
   <subfield code="r">Mátyás Bódig --</subfield>
   <subfield code="t">US counterterrorism and the denial of fundamental rights from torture to fair trial</subfield>
   <subfield code="r">Kasey McCall-Smith --</subfield>
   <subfield code="t">Counterterrorism and challenges to human rights : justifying drones and targeted killing as acts of self-defence</subfield>
   <subfield code="r">Andrea Birdsall --</subfield>
   <subfield code="t">The alleged backlash against human rights : evidence from Denmark and the UK</subfield>
   <subfield code="r">Jacques Hartmann and Samuel White --</subfield>
   <subfield code="t">Surveillance measures and the exception of national security in the case law of the European Court of Human Rights</subfield>
   <subfield code="r">Pierre Notermans --</subfield>
   <subfield code="t">Constructing a right to counterterrorism : law, politics and the Security Council</subfield>
   <subfield code="r">Vivek Bhatt --</subfield>
   <subfield code="t">Non-state actors that aspire to be states : white spots on the international human rights protection map?</subfield>
   <subfield code="r">Linda Hamid --</subfield>
   <subfield code="t">Reflections on human rights and contemporary challenges raised by national security discourse</subfield>
   <subfield code="r">Kasey McCall-Smith, Andrea Birdsall and Elisenda Casanas Adam.</subfield>
  </datafield>
  <datafield tag="610" ind1="0" ind2="0">
   <subfield code="a">United Nations.</subfield>
   <subfield code="b">General Assembly.</subfield>
   <subfield code="t">Universal Declaration of Human Rights.</subfield>
  </datafield>
  <datafield tag="650" ind1=" " ind2="0">
   <subfield code="a">Human rights and globalization.</subfield>
   <subfield code="a">Electronic book.</subfield>
  </datafield>
  <datafield tag="650" ind1=" " ind2="0">
   <subfield code="a">Human rights.</subfield>
  </datafield>
  <datafield tag="650" ind1=" " ind2="0">
   <subfield code="a">International law and human rights.</subfield>
  </datafield>
  <datafield tag="650" ind1=" " ind2="0">
   <subfield code="a">Self-defense (International law)</subfield>
  </datafield>
  <datafield tag="650" ind1=" " ind2="0">
   <subfield code="a">National security.</subfield>
  </datafield>
  <datafield tag="650" ind1=" " ind2="0">
   <subfield code="a">Democracy.</subfield>
  </datafield>
  <datafield tag="650" ind1=" " ind2="0">
   <subfield code="a">Human rights and globalization.</subfield>
   <subfield code="2">fast</subfield>
   <subfield code="0">(OCoLC)fst01745555</subfield>
  </datafield>
  <datafield tag="650" ind1=" " ind2="0">
   <subfield code="a">Human rights.</subfield>
   <subfield code="2">fast</subfield>
   <subfield code="0">(OCoLC)fst00963285</subfield>
  </datafield>
  <datafield tag="650" ind1=" " ind2="0">
   <subfield code="a">National security.</subfield>
   <subfield code="2">fast</subfield>
   <subfield code="0">(OCoLC)fst01033711</subfield>
  </datafield>
  <datafield tag="650" ind1=" " ind2="0">
   <subfield code="a">Democracy.</subfield>
   <subfield code="2">fast</subfield>
   <subfield code="0">(OCoLC)fst00890077</subfield>
  </datafield>
  <datafield tag="650" ind1=" " ind2="0">
   <subfield code="a">Liberalism.</subfield>
   <subfield code="2">fast</subfield>
   <subfield code="0">(OCoLC)fst00997183</subfield>
  </datafield>
  <datafield tag="700" ind1="1" ind2=" ">
   <subfield code="c">McCall-Smith, Kasey</subfield>
   <subfield code="e">editor.</subfield>
  </datafield>
  <datafield tag="700" ind1="1" ind2=" ">
   <subfield code="e">editor.</subfield>
   <subfield code="r">Birdsall, Andrea.</subfield>
  </datafield>
  <datafield tag="700" ind1="1" ind2=" ">
   <subfield code="e">editor.</subfield>
   <subfield code="s">Casanas Adam, Elisenda.</subfield>
  </datafield>
  <datafield tag="776" ind1="0" ind2="8">
   <subfield code="a">Online version</subfield>
   <subfield code="d">Cheltenham, UK : Edward Elgar Publishing Limited, 2020</subfield>
   <subfield code="t">Human rights in times of transition.</subfield>
   <subfield code="w">(OCoLC)1224367281</subfield>
   <subfield code="z">9781789909890.</subfield>
  </datafield>
  <datafield tag="856" ind1="0" ind2="0">
   <subfield code="u">https://doi.org/10.4337/9781789909890</subfield>
   <subfield code="y">click here to access</subfield>
   <subfield code="z">Available to all UP Students</subfield>
   <subfield code="3">University of the Philippines, College of Law</subfield>
  </datafield>
  <datafield tag="905" ind1=" " ind2=" ">
   <subfield code="a">FO</subfield>
  </datafield>
  <datafield tag="852" ind1="0" ind2=" ">
   <subfield code="a">UPD</subfield>
   <subfield code="b">BGC-LL</subfield>
   <subfield code="h">JC 571</subfield>
   <subfield code="i">H769546 2020</subfield>
  </datafield>
  <datafield tag="942" ind1=" " ind2=" ">
   <subfield code="a">Electronic Resource</subfield>
  </datafield>
 </record>
</collection>
